000 00935nam0a22002411 4500
001 rc\953728
005 20250622054646.0
035 _a(NLR Aleph) 006124820
090 _a5499240
_c5499240
100 _a20041129d1982 |||y0rusy50 ca
101 0 _arus
102 _aRU
105 _aa |||||||||
200 1 _aАвтоматика и автоматизация деревообрабатывающего оборудования
_e[Учеб. пособие для вузов по спец. 0519 "Машины и механизмы лесн. и деревообраб. пром-сти"]
210 _aМинск
_cВышэйшая школа
_d1982
215 _a239 с.
_cил.
_d20
320 _aБиблиогр.: с. 235-236 (29 назв.)
700 1 _aПолзик
_bП.В.
_gПалладий Васильевич
801 0 _aRU
_bNLR
_gpsbo
801 1 _aRU
_bELAR
_2rusmarc
852 _aNLR
_j82-3/10075
942 _cBOOK
980 _aNB